000
00325nam a22001457a 4500
020
_a
978-81-219-0471-1
041
_a
ENG
100
_a
Shanti Narayan
245
_a
Differential Calculus
260
_a
Delhi
_b
S Charitable Trust
_c
2019
300
_a
572
650
_a
Mathmatics
700
_a
P.K Mittal
856
_u
Mathmatics
999
_c
30
_d
30